000 00373nam a2200133Ia 4500
008 240624s9999 xx 000 0 und d
041 _aeng
082 _a658.5 TEE
100 _aTEECE DAVID J
245 _aCOMPETING THROUGH INNOVATION TECHNOLOGY STRATEGY AND ANTITR
260 _c2013
_aUnited Kingdom
_bEdward Elgar
300 _axxxi, 484 p.; 23 cm.
365 _cBPS
_b25
999 _c31963
_d31963